Trevor Pearce Quiz - Statistics

General Stats
  • This quiz has been taken 5 times
  • The average score is 17 of 24
Answer Stats
Hint Answer % Correct
Ariccia
100%
Blue
100%
Devon
100%
What is my major? Minor? Finance
100%
Favorite Movie In the Heights
100%
Jarod
100%
Palm Beach Tan
100%
What is my go to bar drink? Rum and Coke
100%
Spanish
100%
Favorite Alcohol Drink? Wine
100%
Name my two dogs names Buddy
67%
What is my middle name? Delane
67%
Eldon
67%
When is my birthday? Feburary 15
67%
What city was I born in? Lakeland
67%
Name my brother, mom, and dad Shelly
67%
Favorite Food spaghetti
67%
Name the 4 places I have worked? Ace
33%
Altitude
33%
My go to night show Law and Order SUV
33%
Ex girlfriend? Boyfriend? Mary Grace
33%
Where did I live before Madison Memphis, TN
33%
Favorite Artist Moneybagg Yo
33%
My favorite reality tv show real housewives of atlanta
33%
No matching quizzes found
Score Distribution
Percent of People with Each Score
Percentile by Number Answered
Your Score History
You have not taken this quiz